000 00701nam a2200289Ia 4500
005 20260324144718.0
008 008 260324s9999 xx 000 0 eng d
020 _a9780429315411
037 _aEBOOK
040 _aCRL
040 _beng
040 _cCRL
041 _2eng
041 _aeng
084 _qCRL
100 _aS N Eisenstadt; S. N. Eisenstadt
_91220334
245 4 _aThe Transformation Of Israeli Society
245 3 _bAn Essay In Interpretation
260 _bTaylor and Francis
260 _c1986
365 _a
365 _b230
856 _uhttp://www.taylorfrancis.com/books/9780429315411
942 _cEBOOK
999 _c1827288
_d1827288